书目信息 |
| 题名: |
论教育和人的全面发展
|
|
| 作者: | ;中国教育学会教育学研究会 编 | |
| 分册: | ||
| 出版信息: | 北京 人民教育出版社 1982 |
|
| 页数: | 170页 | |
| 开本: | 19cm | |
| 丛书名: | ||
| 单 册: | ||
| 中图分类: | G40-012 , G40 | |
| 科图分类: | ||
| 主题词: | 全面发展(教育)--文集 | |
| 电子资源: | ||
| ISBN: | ||
| 000 | 00687nam0 2200229 450 | |
| 001 | 1554889847 | |
| 005 | 20150130104814.56 | |
| 010 | @dCNY0.43 | |
| 091 | @a7012.0488 | |
| 100 | @a19950524d1982 emky0chiy0110 ea | |
| 101 | 0 | @achi |
| 102 | @aCN@b110000 | |
| 105 | @ay z 000yy | |
| 200 | 1 | @a论教育和人的全面发展@9lun jiao yu he ren de quan mian fa zhan@f中国教育学会教育学研究会编 |
| 210 | @a北京@c人民教育出版社@d1982 | |
| 215 | @a170页@d19cm | |
| 606 | 0 | @a全面发展(教育)@x文集 |
| 690 | @aG40-012@v5 | |
| 690 | @aG40@v4 | |
| 711 | 02 | @a中国教育学会教育学研究会@9zhong guo jiao yu xue hui jiao yu xue yan jiu hui@4编 |
| 801 | 0 | @aCN@bTSSF@c20150130 |
| 905 | @aZUCC@dG40@eJY122 | |
| 论教育和人的全面发展/中国教育学会教育学研究会编.-北京:人民教育出版社,1982 |
| 170页;19cm |
| ISBN :CNY0.43 |
| ● |
| 相关链接 |
|
|
|
|
正题名:论教育和人的全面发展
索取号:G40/JY122
 
预约/预借
| 序号 | 登录号 | 条形码 | 馆藏地/架位号 | 状态 | 备注 |
| 1 | 7839930 | 278399305 | 学院路分馆/ [索取号:G40/JY122] | 在馆 | |
| 2 | 7839931 | 278399314 | 学院路分馆/ [索取号:G40/JY122] | 在馆 | |
| 3 | 7860339 | 278603398 | 学院路分馆/ [索取号:G40/JY122] | 在馆 | |
| 4 | 7860958 | 278609588 | 学院路分馆/ [索取号:G40/JY122] | 在馆 |